000 00591nam a2200241Ia 4500
003 OSt
005 20220912150149.0
006 a|||||r|||| 00| 0
007 ta
008 220909b |||||||| |||| 00| 0 eng d
024 _a29118
037 _cTextual
040 _aCSL
_beng
_cCSL
041 _aeng
082 _aB280aJ, K8
100 _aPanse V G
245 0 _aContributors in statistics and agricultural science
260 _c1968
300 _axxiii,368p.
_ccm.
650 _aStatistics
942 _hB280aJ, K8
_cTEXL
_2CC
999 _c40924
_d40924